Shifting ground : (Record no. 90030)

MARC details
000 -LEADER
fixed length control field 00778nam a22002177a 4500
005 - DATE AND TIME OF LATEST TRANSACTION
control field 20141121114417.0
010 ## - LCCN (DPL NO)
LC control number ENG-111223
020 ## - INTERNATIONAL STANDARD BOOK NUMBER
International Standard Book Number 9780198098959
Terms of availability 875.00
020 ## - INTERNATIONAL STANDARD BOOK NUMBER
International Standard Book Number 0198098952
Terms of availability 875.00
035 ## - SYSTEM CONTROL NUMBER
System control number EN-94755
037 ## - SOURCE OF ACQUISITION
Source of stock number/acquisition DBAD/PUB
082 ## - DEWEY DECIMAL CLASSIFICATION NUMBER
Classification number 304.20954
245 ## - TITLE STATEMENT
Title Shifting ground :
Statement of responsibility, etc edited by Mahesh Rangarajan [and] K. Sivaramakrishnan
Remainder of title people, animals and mobility in India's environmental history /
260 ## - PUBLICATION, DISTRIBUTION, ETC. (IMPRINT)
Place of publication, distribution, etc New Delhi
Name of publisher, distributor, etc Oxford University Press
Date of publication, distribution, etc 2014
270 ## - ADDRESS
Address YMCA Library building, 1 Jai Singh Road
City New Delhi
Postal code 110001
300 ## - PHYSICAL DESCRIPTION
Extent viii,310p.
Dimensions 23cm(Hb)
500 ## - GENERAL NOTE
General note Includes bibliographical references and index
700 ## - ADDED ENTRY--PERSONAL NAME
Personal name Rangarajan, Mahesh
700 ## - ADDED ENTRY--PERSONAL NAME
Personal name Sivaramakrishnan, K.
942 ## - ADDED ENTRY ELEMENTS (KOHA)
Source of classification or shelving scheme Dewey Decimal Classification
Item type English Books
Call number suffix SHI
Classification part 304.20954
Holdings
Withdrawn status Lost status Not for loan Collection code Home library Current library Date acquired Source of acquisition Cost, normal purchase price Full call number Barcode Copy number Cost, replacement price Koha item type
    Not For Loan Non-fiction D.B.Act.Division D.B.Act.Division 13/11/2014 DBAD/PUB 875.00 304.20954 SHI EN-94755 1 875.00 English Books

© Delhi Public Library
Hit Counter
free hit counter